Największe miasta w województwie wielkopolskim - Statystyki

Ogólne statystyki
  • Ten quiz został rozwiązany 1 048 razy
  • Średni wynik to 12 z 20
Statystyki odpowiedzi
Lp Populacja Miasto % Poprawnych
1 535802 Poznań
100%
2 100482 Kalisz
90%
3 73742 Konin
87%
4 73176 Piła
84%
6 68323 Gniezno
81%
7 63774 Leszno
78%
5 71947 Ostrów Wielkopolski
75%
9 30688 Września
61%
18 21838 Koło
58%
17 23368 Środa Wielkopolska
56%
14 26155 Jarocin
55%
13 26955 Turek
53%
11 29566 Śrem
52%
10 30343 Swarzędz
49%
20 20225 Rawicz
47%
8 31891 Luboń
46%
12 28845 Krotoszyn
45%
16 23880 Kościan
41%
15 25675 Wągrowiec
40%
19 20235 Gostyń
37%
Nie znaleziono quizów pasujących do podanych kryteriów
Rozkład punktacji
Procent ludzi z każdym wynikiem
Percentyl według liczby udzielonych odpowiedzi
Twoja historia wyników
Nie rozwiązałeś tego quizu